Bunney and Keyworth, Nottinghamshire... (Record no. 116491)
[ view plain ]
| 000 -LEADER | |
|---|---|
| fixed length control field | 00850cam a22001935a 4500 |
| 001 - CONTROL NUMBER | |
| control field | L140799 |
| 008 - FIXED-LENGTH DATA ELEMENTS--GENERAL INFORMATION | |
| fixed length control field | 071011s1936 xxk eng u |
| 035 ## - SYSTEM CONTROL NUMBER | |
| System control number | (Sirsi) u140799 |
| 041 0# - LANGUAGE CODE | |
| Language code of text/sound track or separate title | eng |
| 110 2# - MAIN ENTRY--CORPORATE NAME | |
| Corporate name or jurisdiction name as entry element | Walker, Walton and Hanson |
| 9 (RLIN) | 5375 |
| 245 00 - TITLE STATEMENT | |
| Title | Bunney and Keyworth, Nottinghamshire... |
| Remainder of title | particulars of sale of the valuable freehold mixed dairy farm known as the Moors Farm with house, buildings, cottage and keeper's house...to be sold by auction by Messrs. Walker, Walton and Hanson at the Welbeck Hotel, Nottingham, on Wednesday 19th February 1936... |
| 260 ## - PUBLICATION, DISTRIBUTION, ETC. | |
| Place of publication, distribution, etc. | S.l. |
| Name of publisher, distributor, etc. | s.n. |
| Date of publication, distribution, etc. | [1936] |
| Place of manufacture | (Nottingham |
| Manufacturer | Willsons) |
| 300 ## - PHYSICAL DESCRIPTION | |
| Extent | [5] p. |
| Other physical details | col. map |
| Dimensions | 33 cm. |
| 340 ## - PHYSICAL MEDIUM | |
| Material base and configuration | Printed |
| 351 ## - ORGANIZATION AND ARRANGEMENT OF MATERIALS | |
| Hierarchical level | Single item |
| 651 4# - SUBJECT ADDED ENTRY--GEOGRAPHIC NAME | |
| Geographic name | Nottinghamshire |
| 690 ## - LOCAL SUBJECT ADDED ENTRY--TOPICAL TERM (OCLC, RLIN) | |
| Topical term or geographic name as entry element | PROPERTY-PROPERTY ACQUISITION AND DISPOSAL-ACQUISITION AND DISPOSAL AT AUCTION |
| 942 ## - ADDED ENTRY ELEMENTS (KOHA) | |
| Suppress in OPAC | 0 |
| Withdrawn status | Lost status | Source of classification or shelving scheme | Damaged status | Not for loan | Home library | Current library | Shelving location | Date acquired | Total Checkouts | Full call number | Barcode | Date last seen | Copy number | Price effective from | Koha item type |
|---|---|---|---|---|---|---|---|---|---|---|---|---|---|---|---|
| Dewey Decimal Classification | London | London | Basement | 11/10/2007 | BASEMENT BOX 1 | 30013203 | 06/08/2019 | 1 | 06/08/2019 | Archive |